01060nam a2200265 i 4500001000700000003000900007005001700016007000300033008004100036080001000077100003400087245022200121260003500343300002200378500004300400650002100443700002900464700002900493700004000522700003100562700002700593852003300620999001900653952012200672114657ES-MaACL20230906190222.0t|070319s1912 fr ||||1| fre d a782.81 aWilner, Alfred Maria.911700513aLe comte de Luxembourg b: opérette en 3 actes / clivret de A. M. Willner et R. Bodansky ; adaptation française de R. de Flers et G.-A. de Caillavet ; textes chantés de M.Jean Benedict ; musique de Franz Lehar. aParis : bMax Eschig, c[1912] a157 p. ; c19 cm. aBiblioteca Jacinto Martínez Lacalle.14aOperetas.9157191 aBodansky, Robert.9296851 aFlers, Robert de.9511801 aCaillavet, Gaston-Arman de.91391851 aBénédict, Jean.9275000 aLehár, Franz.971322 aES-MaACLjE-11643 bR.139676 c114657d114657 00104070aATENEOMbATENEOMcDEPO2d2008-01-17eSCl0oE-11643p1119568r2023-02-23 00:00:00w2023-02-23yMONOGRAFIA